JOURNAL OF THE INDIAN BOTANICAL SOCIETY (Record no. 2876)

MARC details
000 -LEADER
fixed length control field 00432nam a2200145Ia 4500
022 ## - INTERNATIONAL STANDARD SERIAL NUMBER
ISSN 0019-4468
245 #0 - TITLE STATEMENT
Title JOURNAL OF THE INDIAN BOTANICAL SOCIETY
260 ## - PUBLICATION, DISTRIBUTION, ETC. (IMPRINT)
Name of publisher Indian Botanical Society, Varanasi
Place of publication India
310 ## - CURRENT PUBLICATION FREQUENCY
Current publication frequency Q
500 ## - GENERAL NOTE
General note Ending Volume & Year: 76, 1997
500 ## - GENERAL NOTE
General note Missing Volume: 45;49;67;68(4);73-75
500 ## - GENERAL NOTE
General note Starting Volume & Year: 40, 1961
942 ## - ADDED ENTRY ELEMENTS (KOHA)
Koha item type Bound Journal
Holdings
Withdrawn status Lost status Damaged status Not for loan Home library Current library Date acquired Accession Number Koha item type
      Bound journals RRII Library RRII Library 31/12/2021 02852J Bound Journal